SBToolCZ : [manuál hodnocení administrativních budov ve fázi návrhu /

Další autoři: Vonka, Martin, 1978-
Jazyk: Čeština
Vydáno: Praha : CIDEAS - Centrum integrovaného navrhování progresivních stavebních konstrukcí :Centrum udržitelné výstavby budov SUBSTANCE, Fakulta stavební ČVUT v Praze, 2011
Vydání: 1. vyd.
Témata:
Fyzický popis: vi, 286 s. : il. (některé barev.) ; 21 cm
Knihy
Uloženo v:
LEADER 02168nam a2200517 a 4500
001 nkc20112226132
003 CZ PrNK
005 20111221073312.0
007 ta
008 110920s2011 xr a e f 000 0 cze
015 |a cnb002226132 
020 |a 978-80-01-04865-8  |q (České vysoké učení technické ;  |q brož.) 
035 |a (OCoLC)773170883 
040 |a OLA001  |b cze  |d BOA001  |d ABA001 
072 7 |a 69  |x Stavebnictví  |2 Konspekt  |9 19 
080 |a 69:005.51  |2 MRF 
080 |a 725.2  |2 MRF 
080 |a 72.012  |2 MRF 
080 |a 303.094.5  |2 MRF 
080 |a (035)  |2 MRF 
245 0 0 |a SBToolCZ :  |b [manuál hodnocení administrativních budov ve fázi návrhu /  |c autoři Martin Vonka ... et al.] 
246 3 0 |a Manuál hodnocení administrativních budov ve fázi návrhu 
246 1 4 |a Metodika SBToolCZ 
246 1 8 |a Metodika SBToolCZ - manuál hodnocení administrativních staveb ve fázi návrhu 
250 |a 1. vyd. 
260 |a Praha :  |b CIDEAS - Centrum integrovaného navrhování progresivních stavebních konstrukcí :  |b Centrum udržitelné výstavby budov SUBSTANCE, Fakulta stavební ČVUT v Praze,  |c 2011 
300 |a vi, 286 s. :  |b il. (některé barev.) ;  |c 21 cm 
500 |a Na obálce uvedeno: Martin Vonka a kolektiv 
500 |a 200 výt. 
650 0 7 |a příprava staveb  |7 ph203155  |2 czenas 
650 0 7 |a administrativní budovy  |7 ph137673  |2 czenas 
650 0 7 |a projektové návrhy  |7 ph135307  |2 czenas 
650 0 7 |a evaluace  |7 ph205091  |x metodologie  |2 czenas 
650 0 9 |a buildings planning  |2 eczenas 
650 0 9 |a administrative buildings  |2 eczenas 
650 0 9 |a design projects  |2 eczenas 
650 0 9 |a evaluation  |x methodology  |2 eczenas 
655 7 |a příručky  |7 fd133209  |2 czenas 
655 9 |a handbooks and manuals  |2 eczenas 
700 1 |a Vonka, Martin,  |d 1978-  |7 jx20080402025  |4 aut 
910 2 |a BOA001  |b 2-1272.233 
928 9 |a České vysoké učení technické, Stavební fakulta, katedra konstrukcí pozemních staveb - Expertní centrum SUBSTANCE 
990 |a BK 
995 |a 01 
991 |b 201110  |c NOV  |e n 
996 6 |b 2610489858  |c 2-1272.233  |l MZK  |r Sklad / do 1 hodiny  |n 1  |p p.v.  |w 001204503  |u 000010  |a 1  |e BOA001  |j MZK50  |s P